Monnaies du monde par image - Statistiques

Statistiques générales
  • Ce quiz a été pris 148 fois
  • Le résultat moyen est 10 sur 20
Statistiques - réponses
Par images Réponse % Correct
Euro
100%
Livre sterling / Pound
94%
Yen
94%
Dollar (USA)
93%
Peso
80%
Monopoly
70%
Franc suisse
67%
Dinar algérien
58%
Rouble
58%
Yuan
54%
Roupie indienne
50%
Lire italienne
35%
Couronne suédoise
32%
Dong vietnamien
28%
Rial iranien
28%
Vatu
27%
Shekel israélien
23%
Birr éthiopien
21%
Baht tailandais
16%
Poké-dollar
3%
Aucun quiz correspondant
Distribution des résultats
% des personnes avec chaque résultat
Percentile par nombre de réponses
Votre historique - résultats
Vous n’avez pas pris ce quiz